| 000 | 00487nam a2200157 a 4500 | ||
|---|---|---|---|
| 001 | 000036927 | ||
| 005 | 20200930080027.0 | ||
| 008 | 120206s1978 pr 000 0 spa d | ||
| 020 | _a8449901448 | ||
| 040 |
_aDO-SdBNP _bspa _cBNPHU |
||
| 082 |
_axxxx _bF825c |
||
| 100 | 1 |
_aFranco Oppenheimer, Félix, _d1912- _914751 |
|
| 245 | 1 | 0 |
_aContornos : _b(ensayos) 2. |
| 260 |
_aSan Juan, Puerto Rico : _bpublicaciones del Instituto de Literatura Puertoriqueña, _c1978. |
||
| 300 |
_a324 ; _c20 cm. |
||
| 999 |
_c36417 _d36417 |
||